000 00311nam a22001097a 4500
005 20181224154700.0
008 181224b xxu||||| |||| 00| 0 eng d
022 _a2249-0191
245 _aInternational Journal of Management and Social Sciences (IJMSS)
260 _aNew Delhi
_bSpeak Foundation
_c2018
942 _cJRL
999 _c5762
_d5760